Zinda Roud: Hayat-e-Iqbal ka tashkeeli dour (Record no. 5145)
[ view plain ]
| 000 -LEADER | |
|---|---|
| fixed length control field | 00396 a2200145 4500 |
| 040 ## - CATALOGING SOURCE | |
| Original cataloging agency | DLC |
| 082 ## - DEWEY DECIMAL CLASSIFICATION NUMBER | |
| Classification number | 912 |
| 100 ## - MAIN ENTRY--PERSONAL NAME | |
| Personal name | Dr. Javed Iqbal. |
| 245 ## - TITLE STATEMENT | |
| Title | Zinda Roud: Hayat-e-Iqbal ka tashkeeli dour |
| Statement of responsibility, etc. | Dr. Javed Iqbal. |
| 260 ## - PUBLICATION, DISTRIBUTION, ETC. | |
| Place of publication, distribution, etc. | Lahore: |
| Name of publisher, distributor, etc. | Sheikh Ghulam Ali and Sons, |
| Date of publication, distribution, etc. | 1985. |
| 300 ## - PHYSICAL DESCRIPTION | |
| Extent | v, |
| Other physical details | 160 p. |
| Dimensions | 24 cm. |
| 500 ## - GENERAL NOTE | |
| General note | Includes Index |
| 650 ## - SUBJECT ADDED ENTRY--TOPICAL TERM | |
| Topical term or geographic name entry element | Iqbal, Muhammad |
| 942 ## - ADDED ENTRY ELEMENTS (KOHA) | |
| Koha item type | Book |
| Call number prefix | 912 JAV |
| Source of classification or shelving scheme | |
| Withdrawn status | Lost status | Damaged status | Not for loan | Collection code | Permanent Location | Current Location | Shelving location | Date acquired | Source of acquisition | Cost, normal purchase price | Total Checkouts | Full call number | Barcode | Date last seen | Date last checked out | Price effective from | Koha item type |
|---|---|---|---|---|---|---|---|---|---|---|---|---|---|---|---|---|---|
| Central Library (CL) | Central Library (CL) | General Stacks | 08/01/2002 | Book Centre | 0.91 | 1 | 912 JAV | SEECS002170 | 04/01/2021 | 03/31/2021 | 01/05/2017 | Book | |||||
| Central Library (CL) | Central Library (CL) | General Stacks | 06/10/2002 | Book Centre | 91.66 | 1 | 912 JAV | SEECS002167 | 01/26/2015 | 01/10/2015 | 01/05/2017 | Book |
